000 00851nam a2200253Ia 4500
003 OSt
005 20220923231015.0
006 a|||||r|||| 00| 0
007 ta
008 220922b |||||||| |||| 00| 0 pan d
020 _c150
024 _a353,552
037 _b1201, 06/03/2020, H.K. Prakashan
_cTextual
040 _aARTS
_cARTS
_bpan
041 _2pan
_apan
082 _aDelta, 153Q8
100 _aਸਿੰਘ, ਧਰਮਿੰਦਰ, ਂਚ.
_9156313
245 0 _aਰੱੁ ਸਿਰਖ਼ ਇੱਕ Fਬਦ
260 _aਚੰਡੀਗੜ੍ਹ
_b ਲੋਕਗੀਤ ਪ੍ਰਕਾFਨ
_c2018
300 _a90ਪ੍ਰ0
_ccm.
650 _aਅਧਿਆਤਮਵਾਦ
942 _hDelta, 153Q8
_cTEXL
_2CC
999 _c388741
_d388741